All Territory Shapes - Statistics

General Stats
  • This quiz has been taken 846 times
    676 since last reset
  • The average score is 28 of 85
Answer Stats
Picture Answer % Correct
Greenland
84%
England
82%
Western Sahara
81%
Scotland
75%
Falkland Islands
70%
Puerto Rico
69%
French Guiana
66%
Wales
65%
New Caledonia
62%
Northern Cyprus
61%
Gibraltar
58%
Palestine
58%
Faroe Islands
57%
Guadeloupe
57%
Crimea
56%
Svalbard and Jan Mayen
56%
Bermuda
50%
Gaza Strip
50%
Christmas Island
48%
Aruba
47%
Hong Kong
46%
Kaliningrad
46%
Martinique
46%
Northern Ireland
46%
Guam
44%
Anguilla
43%
Canary Islands
40%
Curaçao
36%
US Virgin Islands
35%
Mayotte
34%
Saint Pierre and Miquelon
34%
Abkhazia
33%
Åland Islands
32%
Bonaire
32%
Niue
32%
Northern Mariana Islands
32%
Transnistria
32%
American Samoa
31%
Galápagos Islands
31%
Montserrat
31%
Réunion
31%
Somaliland
31%
Jersey
30%
South Georgia and the South Sandwich Islands
30%
Cayman Islands
29%
Macau
29%
British Virgin Islands
28%
French Polynesia
28%
Guernsey
28%
Saint Martin
27%
Isle of Man
26%
Akrotiri and Dhekelia
25%
Turks and Caicos Islands
24%
Cocos (Keeling) Islands
23%
Easter Island
23%
Sint Maarten
23%
Tibet
23%
British Indian Ocean Territory
22%
Cook Islands
19%
Saint Helena
19%
Wallis and Futuna
19%
Pitcairn Islands
17%
French Southern and Antarctic Lands
16%
Kashmir
16%
Norfolk Island
16%
South Ossetia
16%
Bouvet Island
15%
Heard and McDonald Islands
15%
Saint Barthélemy
15%
Artsakh
13%
Saba
13%
Madeira
12%
Sint Eustatius
10%
Wake Island
10%
Palmyra Atoll
8%
Baker Island
7%
Chatham Islands
7%
Clipperton Island
7%
Jarvis Island
7%
Johnston Atoll
7%
Melilla
7%
Midway Atoll
7%
Kurdistan
6%
Azad Jammu
5%
Navassa Island
4%
No matching quizzes found
Score Distribution
Percent of People with Each Score
Percentile by Number Answered
Your Score History
You have not taken this quiz since the last reset